Ontología
Uloženo v:
| Hlavní autor: | |
|---|---|
| Médium: | Kniha |
| Jazyk: | španělština |
| Vydáno: |
Buenos Aires
Losada
1966
|
| Edice: | Biblioteca Filosófica
|
| Témata: | |
| Tagy: |
Přidat tag
Žádné tagy, Buďte první, kdo vytvoří štítek k tomuto záznamu!
|
MARC
| LEADER | 00000nam a2200000 a 4500 | ||
|---|---|---|---|
| 001 | UCZ2737 | ||
| 003 | CL-VaPUC | ||
| 008 | 951006e19660000AG |||||||||||||||||spa|d | ||
| 082 | 0 | 4 | |a 111 |b PES |2 21 |
| 100 | 0 | |a Pescador, Augusto |e author |9 346502 | |
| 245 | 1 | 0 | |a Ontología |
| 300 | |a 206 p | ||
| 942 | |c BK | ||
| 945 | |d 19951006 00:00:00 |a cmena | ||
| 260 | |a Buenos Aires |b Losada |c 1966 | ||
| 650 | 0 | |a Antropología |9 233030 | |
| 650 | 0 | |a Ética |9 255099 | |
| 650 | 0 | |a Metafísica |9 265649 | |
| 650 | 0 | |a Axiología |9 334895 | |
| 650 | 0 | |a Idealismo |9 265685 | |
| 650 | 7 | |a SER |2 CL-VaPUC |9 320176 | |
| 650 | 0 | |a Lógica |9 256849 | |
| 650 | 0 | |a Filosofía del espíritu |9 320175 | |
| 583 | |a last modification |c 19951006 00:00:00 |k Rodrigo Vera | ||
| 490 | 0 | |a Biblioteca Filosófica | |
| 999 | |c 239292 |d 239290 | ||